000 00304nam a2200121 a 4500
005 20141022142007.0
008 081002s19uu xx 00 eng d
050 _aVCD
_bJ57 1996
245 _aJFK : the end of camelet.
650 _aVCD.
650 _aThe end of camelet. FICTION-HISTORY
942 _cAVM
999 _c276541
_d276541